000 00604cam a2200229 4500
001 J64684
008 000000n2001 000 0 eng u
035 _a(Sirsi) u113671
050 _a333.337
110 _aGVA Grimley
_93646
245 _aSurvey of property trends -
260 _aLondon
_bGVA Grimley
_c2001
300 _a1 pts. ; 30cm.
650 _aCOMPANIES
650 _aOCCUPIERS REQUIREMENTS
650 _aPROPERTY ASSETS
650 _aPROPERTY CONFIDENCE
650 _aPROPERTY HOLDINGS
650 _aPROPERTY REQUIREMENTS
690 _aPROPERTY-COMMERCIAL PROPERTY
942 _n0
999 _c101536
_d101536